000 00499nam a2200193Ia 4500
005 20230801112731.0
008 131103s9999 xx 000 0 und d
020 _a0-345-34013-2
040 _aLoreto College
041 _aEnglish
082 _aF
_bGAR
100 _aGardener,Erle Stanley
245 4 _aThe case of the negligent nymph
_cErle Stanley Gardener
260 _aNew York
_bBallantine books
_cc1950
300 _a215p
650 _aEnglish Fiction
850 _aLCLIB
942 _cBK
999 _c18384
_d68863